00389nam a2200121Ia 45000010005000000080041000050820027000461000053000732450076001262600024002029010026002269990015002522834241024s9999 xx 000 0 und d aRD/284/C755g/2010-2012 aConsejo Dominicano de Unidad Evangélica, C0DUE 0aGestión de avance y fortalecimiento institucional. Memorias 2010-2012 bSanto Domingoc2013 a4/4/2013 3:38:08 p.m. c9919d9919